Исследование механических свойств материалов Mo-Cu, полученных в системе искрового плазменного спекания; Перспективные материалы конструкционного и медицинского назначения

Detaylı Bibliyografya
Parent link:Перспективные материалы конструкционного и медицинского назначения.— 2018.— [С. 221-222]
Yazar: Вымпина Ю. Н. Юлия Николаевна
Müşterek Yazar: Национальный исследовательский Томский политехнический университет Инженерная школа энергетики Отделение электроэнергетики и электротехники (ОЭЭ)
Diğer Yazarlar: Шаненкова Ю. Л. Юлия Леонидовна
Özet:Заглавие с экрана
Dil:Rusça
Baskı/Yayın Bilgisi: 2018
Seri Bilgileri:Функциональные материалы
Konular:
Online Erişim:http://earchive.tpu.ru/handle/11683/51905
Materyal Türü: MixedMaterials Elektronik Kitap Bölümü
KOHA link:https://koha.lib.tpu.ru/cgi-bin/koha/opac-detail.pl?biblionumber=628570

MARC

LEADER 00000naa2a2200000 4500
001 628570
005 20240123093225.0
035 |a (RuTPU)RU\TPU\conf\28824 
035 |a RU\TPU\conf\28823 
090 |a 628570 
100 |a 20181130d2018 k y0rusy50 ca 
101 0 |a rus 
102 |a RU 
105 |a y z 101zy 
135 |a drcn ---uucaa 
181 0 |a i  
182 0 |a b 
200 1 |a Исследование механических свойств материалов Mo-Cu, полученных в системе искрового плазменного спекания  |f Ю. Н. Вымпина, Ю. Л. Шаненкова 
203 |a Текст  |c электронный 
225 1 |a Функциональные материалы 
300 |a Заглавие с экрана 
320 |a [Библиогр.: с. 222 (4 назв.)] 
463 1 |0 (RuTPU)RU\TPU\conf\28688  |t Перспективные материалы конструкционного и медицинского назначения  |o сборник трудов Международной научно-технической молодежной конференции, г. Томск, 26–30 ноября 2018 г.  |f Национальный исследовательский Томский политехнический университет, Инженерная школа новых производственных технологий ; Российский фонд фундаментальных исследований ; под ред. С. Н. Кулькова [и др.]  |v [С. 221-222]  |d 2018 
610 1 |a труды учёных ТПУ 
610 1 |a электронный ресурс 
610 1 |a механические свойства 
610 1 |a искровое плазменное спекание 
610 1 |a металлические композиционные материалы 
610 1 |a молибден 
610 1 |a медь 
610 1 |a порошки 
700 1 |a Вымпина  |b Ю. Н.  |c специалист в области электроэнергетики и электротехники  |c инженер Томского политехнического университета  |f 1993-  |g Юлия Николаевна  |3 (RuTPU)RU\TPU\pers\45958  |9 22024 
701 1 |a Шаненкова  |b Ю. Л.  |c специалист в области электроэнергетики  |c доцент Томского политехнического университета, кандидат технических наук  |f 1991-  |g Юлия Леонидовна  |3 (RuTPU)RU\TPU\pers\34117  |9 17657 
712 0 2 |a Национальный исследовательский Томский политехнический университет  |b Инженерная школа энергетики  |b Отделение электроэнергетики и электротехники (ОЭЭ)  |3 (RuTPU)RU\TPU\col\23505 
801 2 |a RU  |b 63413507  |c 20200129  |g RCR 
856 4 |u http://earchive.tpu.ru/handle/11683/51905 
942 |c BK